000 01133nam0a22002651 4500
001 rc\3545151
005 20130115144658.4
021 _aRU
_bП1088-71
035 _a(NLR Aleph) 007635068
090 _a6064805
_c6064805
100 _a20130115d1969 |||y0rusy50 ca
101 0 _arus
102 _aRU
105 _aa z |||||
200 1 _aВопросы физиологии, биохимии, токсикологии и использования сине-зеленых водорослей
_e[Сборник статей]
_f[Отв. ред. - канд. биол. наук Л.А. Сиренко]
_gАН УССР. Комис. Президиума АН УССР по проблеме борьбы с "цветением" воды. Ин-т гидробиологии
210 _aКиев
_cНаукова думка
_d1969
215 _a267 с.
_cил.
_d22
225 1 _a"Цветение" воды
_vВып. 2
320 _aБиблиогр. в конце статей
702 1 _aСиренко
_bЛ. А.
_4340
801 0 _aRU
_bNLR
_gpsbo
801 1 _aRU
_bELAR
_2rusmarc
852 _aNLR
_jП7/1262
942 _cBOOK
980 _aNB